[Event "DVM U14 2024"]
[Site "Heidelberg GER"]
[Date "2024.12.29"]
[Round "5"]
[White "Derhay, Davyd"]
[Black "Müller, Anker"]
[Result "1/2-1/2"]
[Termination "normal"]
[Board "6.2"]
[WhiteElo "1665"]
[BlackElo "1743"]
[WhiteClock "00:15:03"]
[BlackClock "00:02:07"]
[WhiteTeam "Hamburger SK 1830"]
[BlackTeam "SV Empor Berlin"]
[PlyCount "129"]
[WhiteFideId "34130624"]
[BlackFideId "1472070"]
[EventCountry "GER"]
[EventRounds "7"]
[EventType "team-swiss"]
[EventDate "2024.12.26"]

1. e4 {[%clk 01:30:59]} c6 {[%clk 01:30:55]} {[%emt 00:00:06]} 2. d4 {[%clk
01:31:26]} {[%emt 00:00:03]} d5 {[%clk 01:31:18]} {[%emt 00:00:07]} 3. exd5
{[%clk 01:31:52]} {[%emt 00:00:04]} cxd5 {[%clk 01:31:37]} {[%emt 00:00:11]} 4.
Bd3 {[%clk 01:32:17]} {[%emt 00:00:05]} Nc6 {[%clk 01:31:52]} {[%emt 00:00:15]}
5. c3 {[%clk 01:32:42]} {[%emt 00:00:06]} Nf6 {[%clk 01:32:08]} {[%emt
00:00:13]} 6. h3 {[%clk 01:32:54]} {[%emt 00:00:18]} Ne4 {[%clk 01:32:30]}
{[%emt 00:00:08]} 7. Nf3 {[%clk 01:31:53]} {[%emt 00:01:31]} Bf5 {[%clk
01:30:34]} {[%emt 00:02:26]} 8. Nh4 {[%clk 01:29:12]} {[%emt 00:03:10]} g6
{[%clk 01:29:20]} {[%emt 00:01:44]} 9. g4 {[%clk 01:26:49]} {[%emt 00:02:52]}
Bd7 {[%clk 01:24:56]} {[%emt 00:04:55]} 10. Ng2 {[%clk 01:15:39]} {[%emt
00:11:40]} e6 {[%clk 01:21:45]} {[%emt 00:03:41]} 11. Bf4 {[%clk 01:13:50]}
{[%emt 00:02:19]} Bg7 {[%clk 01:12:10]} {[%emt 00:10:06]} 12. f3 {[%clk
01:08:22]} {[%emt 00:05:56]} Nf6 {[%clk 01:11:02]} {[%emt 00:01:39]} 13. Nd2
{[%clk 01:05:09]} {[%emt 00:03:42]} O-O {[%clk 01:08:40]} {[%emt 00:02:52]} 14.
O-O {[%clk 01:05:21]} {[%emt 00:00:18]} b6 {[%clk 01:06:14]} {[%emt 00:02:56]}
15. Bh2 {[%clk 01:00:46]} {[%emt 00:05:04]} Ne8 {[%clk 01:04:18]} {[%emt
00:02:26]} 16. Qe2 {[%clk 00:56:50]} {[%emt 00:04:26]} Bc8 {[%clk 00:54:22]}
{[%emt 00:10:26]} 17. Rae1 {[%clk 00:44:31]} {[%emt 00:12:49]} Nd6 {[%clk
00:51:17]} {[%emt 00:03:35]} 18. Bxd6 {[%clk 00:41:26]} {[%emt 00:03:35]} Qxd6
{[%clk 00:51:35]} {[%emt 00:00:12]} 19. f4 {[%clk 00:41:39]} {[%emt 00:00:16]}
Bd7 {[%clk 00:44:57]} {[%emt 00:07:08]} 20. f5 {[%clk 00:36:20]} {[%emt
00:05:50]} exf5 {[%clk 00:43:09]} {[%emt 00:02:18]} 21. gxf5 {[%clk 00:36:37]}
{[%emt 00:00:13]} Rae8 {[%clk 00:37:13]} {[%emt 00:06:26]} 22. Qf3 {[%clk
00:31:49]} {[%emt 00:05:17]} Rxe1 {[%clk 00:30:27]} {[%emt 00:07:16]} 23. Rxe1
{[%clk 00:31:07]} {[%emt 00:01:13]} Ne7 {[%clk 00:26:31]} {[%emt 00:04:27]} 24.
Ne3 {[%clk 00:25:33]} {[%emt 00:06:04]} Bxf5 {[%clk 00:21:48]} {[%emt
00:05:12]} 25. Bxf5 {[%clk 00:23:57]} {[%emt 00:02:05]} Nxf5 {[%clk 00:18:04]}
{[%emt 00:04:14]} 26. Nxf5 {[%clk 00:22:20]} {[%emt 00:02:08]} gxf5 {[%clk
00:18:32]} {[%emt 00:00:02]} 27. Rf1 {[%clk 00:19:06]} {[%emt 00:03:44]} Qg6+
{[%clk 00:13:01]} {[%emt 00:06:01]} 28. Kh1 {[%clk 00:18:24]} {[%emt 00:01:11]}
Qh6 {[%clk 00:11:18]} {[%emt 00:02:15]} 29. Rf2 {[%clk 00:18:22]} {[%emt
00:00:31]} f4 {[%clk 00:11:24]} {[%emt 00:00:23]} 30. Qxd5 {[%clk 00:17:46]}
{[%emt 00:01:06]} Qxh3+ {[%clk 00:11:13]} {[%emt 00:00:41]} 31. Rh2 {[%clk
00:17:41]} {[%emt 00:00:34]} Qe6 {[%clk 00:07:44]} {[%emt 00:03:59]} 32. Qf3
{[%clk 00:16:34]} {[%emt 00:01:37]} Qe1+ {[%clk 00:07:29]} {[%emt 00:00:46]}
33. Nf1 {[%clk 00:16:39]} {[%emt 00:00:25]} Qb1 {[%clk 00:05:39]} {[%emt
00:02:20]} 34. Qxf4 {[%clk 00:14:19]} {[%emt 00:02:51]} Qxa2 {[%clk 00:05:54]}
{[%emt 00:00:14]} 35. Qf5 {[%clk 00:13:25]} {[%emt 00:01:23]} h6 {[%clk
00:05:58]} {[%emt 00:00:27]} 36. Qg4 {[%clk 00:12:45]} {[%emt 00:01:09]} Qd5+
{[%clk 00:06:07]} {[%emt 00:00:22]} 37. Rg2 {[%clk 00:12:47]} {[%emt 00:00:28]}
Qg5 {[%clk 00:05:48]} {[%emt 00:00:47]} 38. Qxg5 {[%clk 00:13:09]} {[%emt
00:00:10]} hxg5 {[%clk 00:06:15]} {[%emt 00:00:03]} 39. Rxg5 {[%clk 00:13:30]}
{[%emt 00:00:09]} Re8 {[%clk 00:06:09]} {[%emt 00:00:37]} 40. Ng3 {[%clk
00:13:08]} {[%emt 00:00:50]} f6 {[%clk 00:04:42]} {[%emt 00:01:59]} 41. Rg4
{[%clk 00:13:27]} {[%emt 00:00:11]} Kf7 {[%clk 00:04:48]} {[%emt 00:00:24]} 42.
Nf5 {[%clk 00:12:53]} {[%emt 00:01:04]} Re1+ {[%clk 00:03:08]} {[%emt
00:02:08]} 43. Kg2 {[%clk 00:12:16]} {[%emt 00:01:08]} Bf8 {[%clk 00:03:17]}
{[%emt 00:00:21]} 44. Kf3 {[%clk 00:11:49]} {[%emt 00:00:56]} Rf1+ {[%clk
00:25:31]} {[%emt 00:08:17]} 45. Ke4 {[%clk 00:41:53]} {[%emt 00:00:26]} Rf2
{[%clk 00:25:52]} {[%emt 00:00:08]} 46. b3 {[%clk 00:38:30]} {[%emt 00:03:53]}
Rb2 {[%clk 00:24:53]} {[%emt 00:01:27]} 47. Rh4 {[%clk 00:25:29]} {[%emt
00:13:33]} Rxb3 {[%clk 00:16:24]} {[%emt 00:08:59]} 48. Rh7+ {[%clk 00:25:48]}
{[%emt 00:00:12]} Kg6 {[%clk 00:15:23]} {[%emt 00:01:31]} 49. Rxa7 {[%clk
00:25:30]} {[%emt 00:00:48]} Rxc3 {[%clk 00:15:25]} {[%emt 00:00:28]} 50. Rb7
{[%clk 00:25:57]} {[%emt 00:00:03]} Rb3 {[%clk 00:08:31]} {[%emt 00:07:25]} 51.
Ne3 {[%clk 00:24:58]} {[%emt 00:01:28]} Bh6 {[%clk 00:06:43]} {[%emt 00:02:18]}
52. Nd5 {[%clk 00:18:25]} {[%emt 00:07:04]} f5+ {[%clk 00:05:46]} {[%emt
00:01:27]} 53. Ke5 {[%clk 00:18:37]} {[%emt 00:00:18]} Bg7+ {[%clk 00:05:39]}
{[%emt 00:00:37]} 54. Ke6 {[%clk 00:18:46]} {[%emt 00:00:19]} Bxd4 {[%clk
00:05:27]} {[%emt 00:00:45]} 55. Ne7 {[%clk 00:18:46]} {[%emt 00:00:30]} Kg5
{[%clk 00:05:32]} {[%emt 00:00:25]} 56. Nxf5 {[%clk 00:19:08]} {[%emt
00:00:07]} Bc5 {[%clk 00:04:35]} {[%emt 00:01:28]} 57. Ke5 {[%clk 00:18:54]}
{[%emt 00:00:43]} Kg4 {[%clk 00:03:46]} {[%emt 00:01:19]} 58. Rg7+ {[%clk
00:18:53]} {[%emt 00:00:30]} Kh3 {[%clk 00:03:19]} {[%emt 00:00:58]} 59. Kd5
{[%clk 00:18:05]} {[%emt 00:01:19]} Kh2 {[%clk 00:01:40]} {[%emt 00:02:08]} 60.
Kc6 {[%clk 00:16:03]} {[%emt 00:02:33]} Rf3 {[%clk 00:01:47]} {[%emt 00:00:21]}
61. Ne7 {[%clk 00:15:29]} {[%emt 00:01:04]} Rf6+ {[%clk 00:01:43]} {[%emt
00:00:35]} 62. Kb5 {[%clk 00:15:40]} {[%emt 00:00:19]} Re6 {[%clk 00:01:42]}
{[%emt 00:00:32]} 63. Nc8 {[%clk 00:14:57]} {[%emt 00:01:12]} Re5 {[%clk
00:01:53]} {[%emt 00:00:18]} 64. Rh7+ {[%clk 00:14:40]} {[%emt 00:00:48]} Kg2
{[%clk 00:02:07]} {[%emt 00:00:15]} 65. Nxb6 {[%clk 00:15:03]} {[%emt
00:00:08]} 1/2-1/2

[Event "DVM U14 2024"]
[Site "Heidelberg GER"]
[Date "2024.12.29"]
[Round "5"]
[White "Zhu, Timo Kaiheng"]
[Black "Luccone, Constantin"]
[Result "1/2-1/2"]
[Termination "normal"]
[Board "10.2"]
[WhiteElo "1615"]
[BlackElo "1567"]
[WhiteClock "01:00:12"]
[BlackClock "00:51:34"]
[WhiteTeam "SC Viernheim 1934"]
[BlackTeam "SF Brackel 1930"]
[PlyCount "108"]
[WhiteFideId "34655670"]
[BlackFideId "34634096"]
[EventCountry "GER"]
[EventRounds "7"]
[EventType "team-swiss"]
[EventDate "2024.12.26"]

1. d4 {[%clk 01:00:12]} d5 {[%clk 00:51:34]} 2. Bf4 {[%clk 01:00:12]} Nf6
{[%clk 00:51:34]} 3. e3 {[%clk 01:00:12]} c5 {[%clk 00:51:34]} 4. Nf3 {[%clk
01:00:12]} Nc6 {[%clk 00:51:34]} 5. Nbd2 {[%clk 01:00:12]} Qb6 {[%clk
00:51:34]} 6. dxc5 {[%clk 01:00:12]} Qxb2 {[%clk 00:51:34]} 7. Rb1 {[%clk
01:00:12]} Qc3 {[%clk 00:51:34]} 8. Rb3 {[%clk 01:00:12]} Qxc5 {[%clk
00:51:34]} 9. Bd3 {[%clk 01:00:12]} Qa5 {[%clk 00:51:34]} 10. O-O {[%clk
01:00:12]} Qd8 {[%clk 00:51:34]} 11. c4 {[%clk 01:00:12]} e6 {[%clk 00:51:34]}
12. cxd5 {[%clk 01:00:12]} exd5 {[%clk 00:51:34]} 13. Qc2 {[%clk 01:00:12]} Bd6
{[%clk 00:51:34]} 14. Bg3 {[%clk 01:00:12]} O-O {[%clk 00:51:34]} 15. Rfb1
{[%clk 01:00:12]} Qe7 {[%clk 00:51:34]} 16. Bb5 {[%clk 01:00:12]} Bd7 {[%clk
00:51:34]} 17. Bxd6 {[%clk 01:00:12]} Qxd6 {[%clk 00:51:34]} 18. Bd3 {[%clk
01:00:12]} Rac8 {[%clk 00:51:34]} 19. Qd1 {[%clk 01:00:12]} b6 {[%clk
00:51:34]} 20. Ba6 {[%clk 01:00:12]} Rb8 {[%clk 00:51:34]} 21. a4 {[%clk
01:00:12]} Ne5 {[%clk 00:51:34]} 22. Nxe5 {[%clk 01:00:12]} Qxe5 {[%clk
00:51:34]} 23. Rb4 {[%clk 01:00:12]} Bf5 {[%clk 00:51:34]} 24. Nf3 {[%clk
01:00:12]} Qd6 {[%clk 00:51:34]} 25. Bd3 {[%clk 01:00:12]} Bxd3 {[%clk
00:51:34]} 26. Qxd3 {[%clk 01:00:12]} Rfd8 {[%clk 00:51:34]} 27. h3 {[%clk
01:00:12]} h6 {[%clk 00:51:34]} 28. Rd4 {[%clk 01:00:12]} Ne4 {[%clk 00:51:34]}
29. Rd1 {[%clk 01:00:12]} Nf6 {[%clk 00:51:34]} 30. Ne1 {[%clk 01:00:12]} Qc6
{[%clk 00:51:34]} 31. Nc2 {[%clk 01:00:12]} Rbc8 {[%clk 00:51:34]} 32. Nb4
{[%clk 01:00:12]} Qc3 {[%clk 00:51:34]} 33. Qxc3 {[%clk 01:00:12]} Rxc3 {[%clk
00:51:34]} 34. Nxd5 {[%clk 01:00:12]} Nxd5 {[%clk 00:51:34]} 35. Rxd5 {[%clk
01:00:12]} Rxd5 {[%clk 00:51:34]} 36. Rxd5 {[%clk 01:00:12]} Rc4 {[%clk
00:51:34]} 37. a5 {[%clk 01:00:12]} Rc5 {[%clk 00:51:34]} 38. Rd8+ {[%clk
01:00:12]} Kh7 {[%clk 00:51:34]} 39. axb6 {[%clk 01:00:12]} axb6 {[%clk
00:51:34]} 40. Rb8 {[%clk 01:00:12]} b5 {[%clk 00:51:34]} 41. Kf1 {[%clk
01:00:12]} Kg6 {[%clk 00:51:34]} 42. Ke2 {[%clk 01:00:12]} Kf6 {[%clk
00:51:34]} 43. Kd2 {[%clk 01:00:12]} Ke6 {[%clk 00:51:34]} 44. Rb7 {[%clk
01:00:12]} Rf5 {[%clk 00:51:34]} 45. f4 {[%clk 01:00:12]} Rc5 {[%clk 00:51:34]}
46. g4 {[%clk 01:00:12]} h5 {[%clk 00:51:34]} 47. Kd3 {[%clk 01:00:12]} hxg4
{[%clk 00:51:34]} 48. hxg4 {[%clk 01:00:12]} g6 {[%clk 00:51:34]} 49. Kd4
{[%clk 01:00:12]} Rc4+ {[%clk 00:51:34]} 50. Kd3 {[%clk 01:00:12]} Rc5 {[%clk
00:51:34]} 51. Kd4 {[%clk 01:00:12]} Rc4+ {[%clk 00:51:34]} 52. Kd3 {[%clk
01:00:12]} Rc5 {[%clk 00:51:34]} 53. Kd4 {[%clk 01:00:12]} Rc4+ {[%clk
00:51:34]} 54. Kd3 {[%clk 01:00:12]} Rc5 {[%clk 00:51:34]} 1/2-1/2

[Event "DVM U14 2024"]
[Site "Heidelberg GER"]
[Date "2024.12.30"]
[Round "7"]
[White "Marcziter, Alex"]
[Black "Nönnig, Jakob"]
[Result "1/2-1/2"]
[Termination "normal"]
[Board "1.1"]
[WhiteElo "2017"]
[BlackElo "2065"]
[WhiteClock "00:23:09"]
[BlackClock "00:02:00"]
[WhiteTeam "SG Porz"]
[BlackTeam "Schachzwerge Magdeburg"]
[PlyCount "141"]
[WhiteFideId "16258126"]
[BlackFideId "16289447"]
[EventCountry "GER"]
[EventRounds "7"]
[EventType "team-swiss"]
[EventDate "2024.12.26"]

1. e4 {[%clk 01:30:51]} {[%emt 00:00:09]} e5 {[%clk 01:30:54]} {[%emt
00:00:06]} 2. Nf3 {[%clk 01:30:43]} {[%emt 00:00:37]} Nc6 {[%clk 01:31:15]}
{[%emt 00:00:09]} 3. Bc4 {[%clk 01:30:39]} {[%emt 00:00:35]} Nf6 {[%clk
01:31:34]} {[%emt 00:00:10]} 4. d3 {[%clk 01:30:21]} {[%emt 00:00:49]} Bc5
{[%clk 01:31:50]} {[%emt 00:00:13]} 5. c3 {[%clk 01:29:53]} {[%emt 00:00:58]}
d6 {[%clk 01:32:09]} {[%emt 00:00:12]} 6. O-O {[%clk 01:28:54]} {[%emt
00:01:29]} a6 {[%clk 01:31:54]} {[%emt 00:00:44]} 7. Re1 {[%clk 01:26:35]}
{[%emt 00:02:49]} O-O {[%clk 01:25:38]} {[%emt 00:06:46]} 8. a4 {[%clk
01:23:38]} {[%emt 00:03:27]} Ba7 {[%clk 01:23:24]} {[%emt 00:02:44]} 9. h3
{[%clk 01:22:23]} {[%emt 00:01:44]} Ne7 {[%emt 00:02:12]} 10. Nbd2 {[%clk
01:19:06]} {[%emt 00:03:16]} Ng6 {[%clk 01:21:27]} {[%emt 00:01:17]} 11. Nf1
{[%clk 01:15:21]} {[%emt 00:04:15]} c6 {[%emt 00:03:15]} 12. Bb3 {[%emt
00:02:33]} Re8 {[%clk 01:06:04]} {[%emt 00:14:44]} 13. Ng3 {[%clk 01:08:56]}
{[%emt 00:03:16]} d5 {[%clk 00:59:27]} {[%emt 00:07:08]} 14. Bg5 {[%clk
01:06:09]} {[%emt 00:03:16]} Re6 {[%clk 00:53:44]} {[%emt 00:06:13]} 15. Nh5
{[%emt 00:22:18]} Qb6 {[%clk 00:33:42]} {[%emt 00:02:37]} 16. Nxf6+ {[%clk
00:56:10]} {[%emt 00:06:36]} gxf6 {[%clk 00:34:04]} {[%emt 00:00:08]} 17. Be3
{[%clk 00:56:10]} {[%emt 00:00:30]} Qd8 {[%emt 00:10:16]} 18. d4 {[%clk
00:44:34]} {[%emt 00:03:32]} exd4 {[%clk 00:25:32]} {[%emt 00:07:50]} 19. Bxd4
{[%clk 00:44:01]} {[%emt 00:01:03]} Rxe4 {[%clk 00:22:47]} {[%emt 00:03:15]}
20. Bxa7 {[%clk 00:36:02]} {[%emt 00:08:29]} Rxe1+ {[%clk 00:22:22]} {[%emt
00:00:55]} 21. Nxe1 {[%clk 00:35:14]} {[%emt 00:01:18]} Rxa7 {[%clk 00:22:39]}
{[%emt 00:00:13]} 22. Qd4 {[%clk 00:35:37]} {[%emt 00:00:06]} b6 {[%clk
00:20:53]} {[%emt 00:02:16]} 23. a5 {[%clk 00:35:22]} {[%emt 00:00:45]} Rb7
{[%clk 00:21:14]} {[%emt 00:00:09]} 24. Nd3 {[%clk 00:34:56]} {[%emt 00:00:56]}
bxa5 {[%clk 00:14:36]} {[%emt 00:07:08]} 25. Nc5 {[%clk 00:33:29]} {[%emt
00:01:57]} Re7 {[%clk 00:07:18]} {[%emt 00:07:48]} 26. c4 {[%clk 00:32:46]}
{[%emt 00:01:13]} Qe8 {[%clk 00:04:49]} {[%emt 00:02:57]} 27. cxd5 {[%clk
00:31:54]} {[%emt 00:01:23]} cxd5 {[%clk 00:04:45]} {[%emt 00:00:35]} 28. Qxf6
{[%clk 00:27:14]} {[%emt 00:05:10]} Re1+ {[%clk 00:01:10]} {[%emt 00:04:05]}
29. Rxe1 {[%clk 00:27:37]} {[%emt 00:00:07]} Qxe1+ {[%clk 00:01:39]} {[%emt
00:00:01]} 30. Kh2 {[%clk 00:27:55]} {[%emt 00:00:12]} Be6 {[%clk 00:01:51]}
{[%emt 00:00:18]} 31. Nxe6 {[%clk 00:23:52]} {[%emt 00:04:33]} fxe6 {[%clk
00:01:13]} {[%emt 00:01:07]} 32. g3 {[%clk 00:21:43]} {[%emt 00:02:39]} Qe5
{[%clk 00:01:06]} {[%emt 00:00:37]} 33. Qd8+ {[%clk 00:21:22]} {[%emt
00:00:51]} Kg7 {[%clk 00:01:18]} {[%emt 00:00:18]} 34. Qd7+ {[%clk 00:19:45]}
{[%emt 00:02:07]} Kf6 {[%clk 00:01:31]} {[%emt 00:00:16]} 35. Qd8+ {[%clk
00:19:10]} {[%emt 00:01:06]} Kf7 {[%clk 00:01:16]} {[%emt 00:00:45]} 36. Qd7+
{[%clk 00:18:25]} {[%emt 00:01:16]} Kf6 {[%clk 00:01:31]} {[%emt 00:00:14]} 37.
Qd8+ {[%clk 00:17:57]} {[%emt 00:00:59]} Kg7 {[%clk 00:01:46]} {[%emt
00:00:15]} 38. Qd7+ {[%clk 00:11:19]} {[%emt 00:07:07]} Kh6 {[%clk 00:02:07]}
{[%emt 00:00:09]} 39. Kg2 {[%clk 00:10:36]} {[%emt 00:01:14]} Qxb2 {[%clk
00:02:25]} {[%emt 00:00:11]} 40. Bd1 {[%clk 00:10:56]} {[%emt 00:00:10]} Qe5
{[%clk 00:00:57]} {[%emt 00:01:58]} 41. Bc2 {[%clk 00:11:19]} {[%emt 00:00:08]}
d4 {[%clk 00:28:46]} {[%emt 00:02:42]} 42. Bxg6 {[%clk 00:41:04]} {[%emt
00:00:44]} hxg6 {[%clk 00:28:48]} {[%emt 00:00:28]} 43. Qe7 {[%clk 00:39:23]}
{[%emt 00:02:11]} Qe4+ {[%clk 00:24:44]} {[%emt 00:04:34]} 44. Kh2 {[%clk
00:39:33]} {[%emt 00:00:21]} Qe5 {[%clk 00:11:32]} {[%emt 00:13:42]} 45. Qh4+
{[%clk 00:38:27]} {[%emt 00:01:36]} Kg7 {[%clk 00:11:57]} {[%emt 00:00:05]} 46.
Qe7+ {[%clk 00:38:43]} {[%emt 00:00:14]} Kg8 {[%clk 00:12:19]} {[%emt
00:00:07]} 47. Qe8+ {[%clk 00:36:20]} {[%emt 00:02:53]} Kh7 {[%clk 00:12:26]}
{[%emt 00:00:22]} 48. Qe7+ {[%clk 00:36:24]} {[%emt 00:00:27]} Qg7 {[%clk
00:12:25]} {[%emt 00:00:30]} 49. Qh4+ {[%clk 00:36:42]} {[%emt 00:00:12]} Kg8
{[%clk 00:12:10]} {[%emt 00:00:44]} 50. Qd8+ {[%clk 00:37:02]} {[%emt
00:00:11]} Qf8 {[%clk 00:12:18]} {[%emt 00:00:22]} 51. Qxd4 {[%clk 00:37:15]}
{[%emt 00:00:17]} a4 {[%clk 00:12:16]} {[%emt 00:00:33]} 52. Kg1 {[%clk
00:33:53]} {[%emt 00:03:52]} a3 {[%clk 00:08:10]} {[%emt 00:04:35]} 53. Qa4
{[%clk 00:33:27]} {[%emt 00:00:55]} Qd6 {[%clk 00:08:16]} {[%emt 00:00:24]} 54.
Qc2 {[%clk 00:31:25]} {[%emt 00:02:32]} Kf7 {[%clk 00:08:19]} {[%emt 00:00:26]}
55. h4 {[%clk 00:29:41]} {[%emt 00:02:15]} Qe5 {[%clk 00:05:44]} {[%emt
00:03:05]} 56. h5 {[%clk 00:27:46]} {[%emt 00:02:26]} gxh5 {[%clk 00:04:46]}
{[%emt 00:01:27]} 57. Qh7+ {[%clk 00:26:51]} {[%emt 00:01:24]} Ke8 {[%clk
00:04:47]} {[%emt 00:00:29]} 58. Qg6+ {[%clk 00:26:05]} {[%emt 00:01:17]} Kd7
{[%clk 00:04:15]} {[%emt 00:00:59]} 59. Qf7+ {[%clk 00:26:08]} {[%emt
00:00:29]} Kc6 {[%clk 00:02:28]} {[%emt 00:02:16]} 60. Qf3+ {[%clk 00:26:27]}
{[%emt 00:00:13]} Kb6 {[%clk 00:02:02]} {[%emt 00:00:56]} 61. Qxa3 {[%clk
00:26:33]} {[%emt 00:00:25]} a5 {[%clk 00:02:14]} {[%emt 00:00:17]} 62. Qb3+
{[%clk 00:25:58]} {[%emt 00:01:04]} Kc6 {[%clk 00:02:06]} {[%emt 00:00:36]} 63.
Qc4+ {[%clk 00:25:04]} {[%emt 00:01:26]} Kd7 {[%clk 00:01:45]} {[%emt
00:00:51]} 64. Qa4+ {[%clk 00:24:03]} {[%emt 00:01:31]} Kd6 {[%clk 00:01:54]}
{[%emt 00:00:20]} 65. Qe8 {[%clk 00:23:21]} {[%emt 00:01:13]} Qc5 {[%clk
00:01:48]} {[%emt 00:00:35]} 66. Qd8+ {[%clk 00:22:28]} {[%emt 00:01:24]} Ke5
{[%clk 00:01:39]} {[%emt 00:00:38]} 67. Qg5+ {[%clk 00:22:32]} {[%emt
00:00:27]} Kd4 {[%clk 00:01:37]} {[%emt 00:00:27]} 68. Qe3+ {[%clk 00:22:35]}
{[%emt 00:00:32]} Kd5 {[%clk 00:01:57]} {[%emt 00:00:10]} 69. Qf3+ {[%clk
00:22:36]} {[%emt 00:00:30]} Kd6 {[%clk 00:02:05]} {[%emt 00:00:21]} 70. Qf8+
{[%clk 00:22:53]} {[%emt 00:00:14]} Kc6 {[%clk 00:02:00]} {[%emt 00:00:33]} 71.
Qe8+ {[%clk 00:23:09]} {[%emt 00:00:16]} 1/2-1/2